| 000 | 00000nas 2200000zi 4500 |
| 001 | 9.506636 |
| 003 | CaOODSP |
| 005 | 20221107133651 |
| 006 | m go d f |
| 007 | cr ||||||||||| |
| 008 | 150406d20092017oncar p o f0 a0eng|d |
| 022 | |a1923-6905 |
| 040 | |aCaOODSP|beng|erda|cCaOODSP |
| 043 | |an-cn--- |
| 086 | 1 |aA71-25E-PDF |
| 245 | 00|aCanada's dairy industry at a glance. |
| 264 | 1|aOttawa, Ontario : |bAgriculture and Agri-Food Canada = Agriculture et agroalimentaire Canada, |c[2009]-2017. |
| 310 | |aAnnual |
| 336 | |atext|btxt|2rdacontent |
| 337 | |acomputer|bc|2rdamedia |
| 338 | |aonline resource|bcr|2rdacarrier |
| 362 | 1 |aBegan with [2009]; ceased with 2017. |
| 500 | |aIssued also in French under title: Aperçu de l'industrie laitière canadienne. |
| 500 | |aCaption title. |
| 692 | 07|2gccst|aDairy industry |
| 710 | 1 |aCanada. |bAgriculture and Agri-Food Canada. |
| 775 | 08|tLa industria lechera canadiense en pocas palabras |w(CaOODSP)9.500577 |
| 775 | 08|t[Canada's dairy industry at a glance] |w(CaOODSP)9.500579 |
| 775 | 08|t[Canada's dairy industry at a glance] |w(CaOODSP)9.500581 |
| 775 | 08|tAperçu de l'industrie laitière canadienne. |w(CaOODSP)9.503059 |